000 00523nam a22001817a 4500
003 OSt
005 20171020194055.0
008 131028b xxu||||| |||| 00| 0 eng d
040 _aLDCLIB
_cLDCLIB
082 _222
_a341.41085
_bBHA
100 _aBhansali, SR
245 _aRights in Constitutional Law :
_balong with international human rights documents /
_cBhansali, SR
250 _a3rd ed.
260 _aIndia :
_bLexisNexis,
_c2008.
300 _aclxiii,;1198 p.;
_c24 cm.
650 _aHuman rights
942 _2ddc
_cBK
999 _c5799
_d5799